Sustainability in Interior Design (Record no. 26044)

MARC details
000 -LEADER
fixed length control field 00448nam a22001817a 4500
005 - DATE AND TIME OF LATEST TRANSACTION
control field 20230905185101.0
008 - FIXED-LENGTH DATA ELEMENTS--GENERAL INFORMATION
fixed length control field 230718b |||||||| |||| 00| 0 eng d
020 ## - INTERNATIONAL STANDARD BOOK NUMBER
ISBN 9781856698146
082 ## - DEWEY DECIMAL CLASSIFICATION NUMBER
Classification number 747.0286
Item number MOX-S
100 ## - MAIN ENTRY--AUTHOR
Author Name Moxon, Siân
245 ## - TITLE STATEMENT
Title Sustainability in Interior Design
260 ## - PUBLICATION, DISTRIBUTION, ETC.
Place of Publication Chaina
Name of publisher, distributor, etc. LAURENCE KING
Date of publication, distribution, etc. 2012
300 ## - PHYSICAL DESCRIPTION
Pages 190
500 ## - GENERAL NOTE
General note INCLUIDE INDEX
650 ## - SUBJECT ADDED ENTRY--TOPICAL TERM
Subject / Department ARCHITECTURE
700 ## - ADDED ENTRY--PERSONAL NAME
Personal name Sian Moxon
952 ## - LOCATION AND ITEM INFORMATION (KOHA)
-- 0
-- 0
Holdings
Lost status Damaged status Permanent Location Current Location Shelving Location Date acquired Full Call Number Accession No./Barcode Date last seen item type
    Superior Information Resource Center (SIRC) Superior University- Central Library Superior Information Resource Center (SIRC) Superior University- Central Library Architecture 07/18/2023 747.0286 MOX-S 2012 20203 07/18/2023 BOOK

Powered by Koha